[Event "ICS unrated blitz match"]
[Site "204.178.125.65"]
[Date "1999.11.21"]
[Round "?"]
[White "Hossa"]
[Black "Moron"]
[Result "0-1"]
[WhiteElo "2323"]
[BlackElo "2765"]
[Annotator "Hiarcs 7.32 (22s)"]
[PlyCount "60"]
[EventDate "1999.??.??"]

1. e4 1... e5 {Opening = C36 - 3.Nf3 d5} 2. f4 exf4 3. Nf3 d5 4. exd5 Nf6 5.
Bb5+ c6 6. dxc6 Nxc6 7. c3 $146 (7. Nc3 Bd6 8. Qe2+ Be6 9. Nd4 O-O 10. Nxe6
fxe6 11. Bxc6 bxc6 12. d4 f3 13. Qxe6+ Kh8 14. O-O fxg2 15. Kxg2 Bxh2 16. Bg5
Bd6 17. Ne4 Be7 18. c3 Qd5 19. Qxd5 Nxd5 20. c4 Bxg5 21. cxd5 21... Be3 {
Schuetz,R-Kluth,C/Dortmund op 1987/TD 87\03/1/2-1/2 (38)}) (7. Bxc6+ bxc6 8.
O-O (8. d4 Bd6 9. O-O O-O 10. Nc3 Bg4 11. Qd3 Re8 12. Bd2 Rb8 13. Rab1 13...
Qc7 {1/2-1/2 Schneider,L-Gimmel,B/Dortmund op 1987/TD 87\03 (13)}) 8... Bd6 9.
Re1+ Kf8 10. d4 Bg4 11. b3 Qd7 12. c3 Re8 13. Rxe8+ Qxe8 14. Qe1 Qxe1+ 15. Nxe1
Ne4 16. Bb2 f5 17. Nf3 Bxf3 18. gxf3 Nf6 19. Nd2 Kf7 20. Re1 Re8 21. Rxe8 Kxe8
22. Nc4 Kd7 23. b4 g5 24. a4 h5 25. a5 g4 26. Kg2 Nd5 27. Kf2 g3+ 28. hxg3
fxg3+ 29. Kg1 h4 30. Ne5+ Bxe5 31. dxe5 Ke6 32. Kh1 h3 33. Ba1 Nf4 34. c4 34...
Ne2 {0-1 Arneth,R-Morrison,M/Wildbad 1993/EXT 93ch (34)}) 7... Qe7+ 8. Be2 g5
9. O-O Bh6 10. Bb5 Qc5+ 11. Nd4 O-O 12. Qa4 Nxd4 13. cxd4 Qb6 14. Na3 a6 15.
Be2 Re8 16. Bd1 Bf5 17. Nc2 Rad8 18. Qb3 Qxb3 19. axb3 g4 20. b4 Bd3 21. Re1
21... Bxc2 {Droht Matt: Rxe1} 22. Rxe8+ 22... Rxe8 $1 {
Boing!. Mit der Mattdrohung g3} 23. Bxc2 23... g3 $1 {
die Pointe. Mit der Mattdrohung Re1} 24. hxg3 24... Ng4 $1 {ganz unerschrocken}
25. Bd3 Re1+ 26. Bf1 Bg7 27. Ra3 27... Bxd4+ $1 {ist die Ueberraschung!} 28.
Re3 28... fxg3 $1 {die Entscheidung} 29. d3 Nh2 30. Bd2 Rxf1# 0-1

[Event "ICS rated blitz match"]
[Site "204.178.125.65"]
[Date "1999.11.21"]
[Round "?"]
[White "Hossa"]
[Black "PackMaster"]
[Result "0-1"]
[WhiteElo "2323"]
[BlackElo "2604"]
[Annotator "Hiarcs 7.32 (22s)"]
[PlyCount "104"]
[EventDate "1999.??.??"]

1. e4 1... e5 {Opening = C41 - 2.Nf3 d6} 2. Nf3 d6 3. d4 exd4 4. Nxd4 g6 5. Nc3
Bg7 6. Be3 Nf6 7. f3 O-O 8. Qd2 Nc6 9. O-O-O Nxd4 10. Bxd4 Be6 11. h4 (11. Kb1
a6 12. g4 c5 13. Be3 Qa5 14. g5 Nh5 15. Nd5 Qd8 16. f4 f5 17. Bh3 Bc8 18. e5
dxe5 19. Bxc5 Be6 20. Bxf8 Kxf8 21. Qb4+ {
1-0 Golubev,M-Bezman,V/Yalta op 1996/EXP 53/[Belov] (21)}) (11. g4 c5 12. Be3
Qa5 13. Kb1 Rfd8 14. a3 Rab8 15. g5 Ne8 16. Nd5 Qa4 17. c4 Bxd5 18. exd5 b5 19.
cxb5 Nc7 20. Qc2 Nxb5 21. Bxb5 Qxb5 22. Bc1 c4 23. Rhe1 Rdc8 24. Ka2 a5 25. a4
Qd7 26. Re3 Rb4 27. Ra3 Rcb8 28. f4 Qg4 29. Rg3 Qf5 30. Qxf5 gxf5 31. Rd2 Rxa4+
32. Ra3 Rxa3+ 33. Kxa3 Rb4 34. Rc2 f6 35. h4 fxg5 36. hxg5 h6 37. gxh6 Bxh6 38.
Bd2 Rb3+ 39. Ka4 Rd3 40. Bxa5 Rxd5 41. Rxc4 Rd1 42. Bc7 d5 43. Rb4 Re1 44. Be5
Re4 45. Kb3 d4 46. Rxd4 Rxd4 47. Bxd4 Bxf4 48. Kc4 Bd2 49. Kd5 {
1/2-1/2 Plump,D-Pachow,J/2.BLN9697 Tegel-Delmenhorst II 1997/BL2-N (49)}) 11...
c5 12. Bf2 $146 (12. Be3 Qa5 13. a3 (13. Kb1 b5 14. Bh6 b4 15. Nd5 Bxd5 16.
exd5 Qc7 17. Bc4 Nd7 18. Bxg7 Kxg7 19. h5 Ne5 20. Qf4 Qe7 21. Rde1 g5 22. h6+
Kh8 23. Qf5 f6 24. g3 Qf7 25. b3 Rae8 26. f4 Nf3 27. Rxe8 27... Qxe8 {
Praznik,N-Srebrnic,V/Ljubljana op 1994/TD 94\02/0-1 (71)}) 13... b5 14. Nxb5
Qxd2+ 15. Bxd2 d5 16. exd5 Nxd5 17. c4 Nb6 18. Nc7 Rab8 19. Nxe6 fxe6 20. b3
Nd7 21. Kc2 Rb7 22. Bd3 Rfb8 23. Rb1 Rb6 24. h5 Ne5 25. Be4 Ra6 26. a4 Nc6 27.
Bxc6 Rxc6 28. hxg6 hxg6 29. Bg5 Bd4 30. Rh4 Rcb6 31. Bd2 Rd8 32. Ba5 {
1-0 Wittmann,W-Klinger,J/Munich zt 1987/CBM 03 (32)}) 12... Qa5 13. Kb1 Rad8
14. Be1 Rfe8 15. Qe2 Qc7 16. h5 Nxh5 17. Bh4 17... Rd7 $4 $14 {
danach wendet sich das Blatt} (17... Bxc3 18. bxc3 g5 19. Bxg5 19... Ng3 $14)
18. Qd2 Qa5 19. a3 Bxc3 20. Qxc3 Qxc3 21. bxc3 c4 22. Rd4 d5 23. e5 f6 24. exf6
Rf7 25. Bf2 Rxf6 26. Rd1 Bf7 27. Ka2 b6 28. Rh2 28... Ng7 {
Nun geraet Weiss unter starken Druck.} 29. Bd4 Rf4 30. Bf2 Nf5 31. Rd2 d4 32.
Rh1 dxc3 33. Rd7 Ne3 34. Kb1 a5 35. a4 Rf5 36. Rb7 Rf6 37. Rd7 b5 38. axb5 {
a5 setzt sich schnell in Bewegung} 38... Rb6 39. Kc1 Rxb5 40. Bxe3 Rxe3 41.
Rd8+ Kg7 42. Rd1 a4 43. Rh4 43... a3 $1 {Boing!. Droht Matt} 44. Bxc4 Bxc4 (
44... a2 45. Bxa2 Bxa2 46. Rd7+ Kf6 47. Rd6+ Ke5 48. Re4+ Kxd6 49. Rd4+ Kc6 50.
Rd6+ Kxd6 51. f4 Re1#) 45. Rxc4 a2 46. Rc7+ 46... Kf6 $19 (46... Kh6 47. Rh1+
Rh5 48. Rxh5+ Kxh5 49. g4+ Kh4 50. Rxh7+ Kg3 51. Rh3+ Kxh3 52. f4 a1=Q#) 47.
Rc6+ 47... Kg5 $1 {nun ist alles klar} 48. f4+ Kg4 49. Rxc3 a1=Q+ 50. Kd2 Qxc3+
51. Kc1 Qa3+ 52. Kd2 Rd5# 0-1

[Event "ICS rated standard match"]
[Site "204.178.125.65"]
[Date "1999.11.21"]
[Round "?"]
[White "Very-Weak"]
[Black "Hossa"]
[Result "1-0"]
[WhiteElo "2640"]
[BlackElo "2311"]
[PlyCount "87"]
[EventDate "1999.??.??"]

1. d4 Nf6 2. c4 c5 3. dxc5 e5 4. b4 a5 5. Bb2 axb4 6. Bxe5 Bxc5 7. e3 d6 8. Bb2
Nc6 9. Nf3 O-O 10. Qc2 Re8 11. Nbd2 Bg4 12. h3 Bh5 13. Bd3 Ne5 14. Nxe5 dxe5
15. Ne4 Nxe4 16. Bxe4 Bg6 17. Bxg6 fxg6 18. O-O Qh4 19. Rfd1 b6 20. Rd5 e4 21.
Qd2 Kh8 22. Rd7 Be7 23. Bd4 Rac8 24. Rc1 Rb8 25. Rb1 Qg5 26. Qb2 Qh6 27. Be5
Rbd8 28. Qd4 Rg8 29. Rxd8 Rxd8 30. Qxe4 Bc5 31. Qb7 Rf8 32. Rb3 g5 33. Rd3 Qg6
34. Rd7 Re8 35. Rxg7 Qb1+ 36. Kh2 Rxe5 37. Qf7 Re8 38. Rxg5 Qg6 39. Rxg6 hxg6
40. Qxe8+ Kg7 41. Qe5+ Kf7 42. f4 Be7 43. Qc7 b5 44. cxb5 {Hossa resigns} 1-0

[Event "ICS rated blitz match"]
[Site "204.178.125.65"]
[Date "1999.11.21"]
[Round "?"]
[White "JackBach"]
[Black "Hossa"]
[Result "0-1"]
[WhiteElo "1377"]
[BlackElo "2318"]
[PlyCount "56"]
[EventDate "1999.??.??"]

1. Nf3 d5 2. e3 Nf6 3. b4 e6 4. Ba3 a5 5. b5 Bxa3 6. Nxa3 e5 7. Nxe5 Qe7 8.
Nac4 dxc4 9. f4 c3 10. Bc4 cxd2+ 11. Qxd2 O-O 12. Qd4 c5 13. bxc6 Nxc6 14. Nxc6
bxc6 15. Rb1 Re8 16. Rb3 Bf5 17. O-O Bxc2 18. Rc3 Be4 19. Bb3 Rad8 20. Qc5 Rd2
21. Rf2 Rxf2 22. Kxf2 Ng4+ 23. Ke1 Qxc5 24. Rxc5 Nxh2 25. g3 Nf3+ 26. Ke2 Rd8
27. Rxa5 Rd2+ 28. Kf1 28... Bd3# {JackBach checkmated} 0-1

[Event "ICS rated blitz match"]
[Site "204.178.125.65"]
[Date "1999.11.21"]
[Round "?"]
[White "JSBach"]
[Black "Hossa"]
[Result "0-1"]
[WhiteElo "2029"]
[BlackElo "2318"]
[PlyCount "56"]
[EventDate "1999.??.??"]

1. d4 Nf6 2. Bf4 g6 3. Nf3 Bg7 4. d5 d6 5. e3 Nh5 6. c3 Nxf4 7. exf4 O-O 8. Bd3
e6 9. Bb5 exd5 10. O-O c6 11. Bd3 Qf6 12. Qa4 Nd7 13. Qb4 c5 14. Qb5 Qxf4 15.
Re1 a6 16. Qb3 c4 17. Qb4 a5 18. Qb5 cxd3 19. Qxd3 Ne5 20. Qxd5 Nxf3+ 21. gxf3
Be5 22. h4 Be6 23. Qe4 Qh2+ 24. Kf1 Bf5 25. Qd5 Bg3 26. Qxf7+ Rxf7 27. Re8+
Rxe8 28. fxg3 28... Bh3# {JSBach checkmated} 0-1

[Event "ICS rated blitz match"]
[Site "204.178.125.65"]
[Date "1999.11.21"]
[Round "?"]
[White "Hossa"]
[Black "JSBach"]
[Result "1-0"]
[WhiteElo "2323"]
[BlackElo "2024"]
[PlyCount "67"]
[EventDate "1999.??.??"]

1. e4 e6 2. d4 Qh4 3. Nd2 Bb4 4. c3 Be7 5. Ngf3 Qg4 6. h3 Qg6 7. Ne5 Qf6 8.
Ndf3 h6 9. Bc4 d6 10. Bb5+ c6 11. Ng4 Qg6 12. Bd3 Qh5 13. Ne3 Nf6 14. e5 dxe5
15. dxe5 Nd5 16. g4 Qg5 17. Nxg5 hxg5 18. Nc4 O-O 19. Nd6 Nd7 20. Nxc8 Raxc8
21. Qe2 Rcd8 22. Bd2 Nc5 23. Bc2 Rd7 24. h4 Nf4 25. Bxf4 gxf4 26. b4 Na6 27.
Qe4 g6 28. h5 c5 29. hxg6 f5 30. exf6 Rxf6 31. Rh8+ Kxh8 32. Qh1+ Kg8 33. Qh7+
Kf8 34. Qh8# {JSBach checkmated} 1-0

[Event "ICS rated blitz match"]
[Site "204.178.125.65"]
[Date "1999.11.21"]
[Round "?"]
[White "BabyBach"]
[Black "Hossa"]
[Result "0-1"]
[WhiteElo "747"]
[BlackElo "2328"]
[PlyCount "24"]
[EventDate "1999.??.??"]

1. b4 d5 2. Ba3 e5 3. h4 a5 4. bxa5 Bxa3 5. e4 Bb2 6. Bb5+ c6 7. exd5 Qxd5 8.
Bc4 Qxg2 9. Qh5 Qe4+ 10. Kd1 Bg4+ 11. Nf3 Qxf3+ 12. Be2 12... Qxh1# {
BabyBach checkmated} 0-1

[Event "ICS rated standard match"]
[Site "204.178.125.65"]
[Date "1999.11.21"]
[Round "?"]
[White "Varguz"]
[Black "Hossa"]
[Result "1-0"]
[WhiteElo "2575"]
[BlackElo "2308"]
[PlyCount "33"]
[EventDate "1999.??.??"]

1. Nf3 d5 2. d4 Nf6 3. g3 c5 4. Bg2 cxd4 5. O-O Nc6 6. Nxd4 e5 7. Nxc6 bxc6 8.
c4 Be6 9. Nc3 Bc5 10. Bg5 Bd4 11. cxd5 cxd5 12. Bxf6 gxf6 13. Qa4+ Bd7 14. Qa6
Rc8 15. Nxd5 Rc6 16. Qa3 a5 17. Rfc1 {Hossa resigns} 1-0

[Event "ICS rated standard match"]
[Site "204.178.125.65"]
[Date "1999.11.21"]
[Round "?"]
[White "Hossa"]
[Black "Varguz"]
[Result "0-1"]
[WhiteElo "2302"]
[BlackElo "2581"]
[PlyCount "98"]
[EventDate "1999.??.??"]

1. e4 Nf6 2. Nc3 d5 3. exd5 Nxd5 4. Bc4 Nb6 5. Bb3 Nc6 6. Nf3 Bf5 7. O-O e6 8.
d3 Be7 9. a4 Na5 10. Ba2 O-O 11. Re1 c5 12. Ne5 Bf6 13. Bf4 c4 14. d4 Bxe5 15.
Bxe5 Nc6 16. a5 Nxa5 17. Nb5 Nd5 18. Qd2 a6 19. Nd6 b5 20. Nxf5 exf5 21. c3 Re8
22. Bg3 Qd7 23. Rad1 Nc6 24. Bb1 Rad8 25. Qg5 g6 26. Bh4 f6 27. Qh6 Rxe1+ 28.
Rxe1 Re8 29. f3 g5 30. Qh5 Rxe1+ 31. Bxe1 Qe7 32. Bf2 Nf4 33. Be4 Nd8 34. Bd5+
Kg7 35. Qh3 Nxh3+ 36. gxh3 Qe2 37. h4 gxh4 38. Bxh4 Qxb2 39. Be1 a5 40. h4 a4
41. Bxc4 bxc4 42. Bf2 a3 43. d5 a2 44. Kg2 a1=Q 45. h5 Qa7 46. h6+ Kf8 47. Kg3
Qbxf2+ 48. Kf4 Qh4+ 49. Kxf5 49... Qd7# {Hossa checkmated} 0-1

[Event "ICS unrated blitz match"]
[Site "204.178.125.65"]
[Date "1999.11.21"]
[Round "?"]
[White "Moron"]
[Black "Hossa"]
[Result "1-0"]
[WhiteElo "2765"]
[BlackElo "2328"]
[PlyCount "185"]
[EventDate "1999.??.??"]

1. d4 f5 2. c4 e6 3. Nc3 Bb4 4. Nf3 Nf6 5. Bd2 O-O 6. g3 d5 7. cxd5 exd5 8. Bg2
c6 9. O-O Nbd7 10. Na4 Bd6 11. Bg5 Qa5 12. Qc2 Ne4 13. Bf4 Bxf4 14. gxf4 Ndf6
15. e3 Ng4 16. h3 Ngf6 17. Ne5 Qd2 18. Bxe4 Nxe4 19. Qxd2 Nxd2 20. Rfe1 Ne4 21.
b4 Re8 22. Nc5 a5 23. a3 Nd2 24. Kg2 Re7 25. Red1 Nc4 26. Nxc4 dxc4 27. Na4 Ra6
28. Kg3 b5 29. Nc5 Ra8 30. Re1 axb4 31. axb4 Rea7 32. Rxa7 Rxa7 33. Rc1 Ra2 34.
h4 Kf7 35. h5 Kg8 36. Kf3 Kf8 37. Rh1 Ke7 38. Rg1 Kf7 39. Rc1 Be6 40. Nxe6 Kxe6
41. Rg1 Kf6 42. Re1 Ra8 43. Rg1 Ra4 44. Rb1 Ra3 45. Rh1 Ke6 46. Rg1 Ra7 47. Rg3
Kf6 48. Rg1 g6 49. Rh1 Ra4 50. hxg6 hxg6 51. Rh7 c3 52. Rc7 Ra6 53. Ke2 Ke6 54.
Kd3 Kd5 55. Rd7+ Ke6 56. Rg7 Kf6 57. Rc7 g5 58. fxg5+ Kxg5 59. Kxc3 Ra1 60. Kd3
Ra3+ 61. Ke2 Ra2+ 62. Kf3 Ra6 63. d5 cxd5 64. Rc5 Re6 65. Rxd5 Re4 66. Rxb5 Rh4
67. Rb8 Kg6 68. b5 Rb4 69. b6 Kf7 70. b7 Kg7 71. Ke2 Rb6 72. Kd3 Kh7 73. Kd4
Rb5 74. Kc4 Rb6 75. Kc5 Rb2 76. Kc6 Rc2+ 77. Kd5 Rd2+ 78. Ke5 Rb2 79. f3 Rb5+
80. Kf6 Rb6+ 81. Kxf5 Kg7 82. e4 Rf6+ 83. Ke5 Rb6 84. Kd5 Rb5+ 85. Kc6 Rb3 86.
Rc8 Rc3+ 87. Kd5 Rd3+ 88. Ke5 Rxf3 89. b8=Q Rf8 90. Rxf8 Kg6 91. Rg8+ Kh5 92.
Qd6 Kh4 93. Qh6# {Hossa checkmated} 1-0

[Event "ICS Rated standard match"]
[Site "204.178.125.65"]
[Date "1999.11.21"]
[Round "?"]
[White "robbok1"]
[Black "Hossa"]
[Result "1-0"]
[WhiteElo "2522"]
[BlackElo "2297"]
[PlyCount "164"]
[EventDate "1999.??.??"]

1. e4 e5 2. Nf3 Nc6 3. d4 exd4 4. Nxd4 Nf6 5. Nxc6 bxc6 6. e5 Qe7 7. Qe2 Nd5 8.
c4 Nb6 9. Nd2 Qe6 10. b3 Rb8 11. g3 Bc5 12. Nf3 O-O 13. Be3 Bb4+ 14. Bd2 Bxd2+
15. Nxd2 f6 16. f4 fxe5 17. Qxe5 Qxe5+ 18. fxe5 Rf5 19. O-O-O Rxe5 20. Bg2 d5
21. Rde1 Re6 22. h3 Rxe1+ 23. Rxe1 Bd7 24. c5 Nc8 25. Kb2 a5 26. Nf3 a4 27. Ne5
Be8 28. Nf3 Bf7 29. Nd4 Na7 30. Re7 axb3 31. axb3 Rb7 32. Rd7 Kf8 33. h4 Ke8
34. Bh3 g6 35. Kc2 h6 36. Kd3 g5 37. hxg5 hxg5 38. Bg4 Bh5 39. Be6 Kf8 40. Bf5
Bf7 41. Ke3 Kg8 42. Bd3 Be8 43. Re7 Kf8 44. Re5 Kf7 45. Rf5+ Ke7 46. Rxg5 Bf7
47. Rg7 Kf6 48. Rh7 Bg8 49. Rh6+ Kg7 50. Rg6+ Kf8 51. g4 Bf7 52. Rf6 Ke7 53. g5
Bh5 54. Rh6 Bg4 55. Rh7+ Kf8 56. Ba6 Rb4 57. Rh4 Bd1 58. Ne6+ Ke7 59. Rxb4 Kxe6
60. g6 Kf6 61. Bd3 Nc8 62. Rf4+ Kg5 63. Rf7 Bh5 64. Rxc7 Bxg6 65. Rxc8 Bf7 66.
Kd4 Bh5 67. Rxc6 Be8 68. Rd6 Kf4 69. b4 Bh5 70. c6 Kg3 71. b5 Bd1 72. b6 Kh2
73. b7 Bh5 74. b8=Q Kg2 75. Qf8 Kg3 76. c7 Bf3 77. c8=Q Be4 78. Bxe4 dxe4 79.
Kxe4 Kg2 80. Rg6+ Kh2 81. Qc2+ Kh3 82. Qf3+ 82... Kh4 {Hossa resigns} 1-0

[Event "ICS rated standard match"]
[Site "204.178.125.65"]
[Date "1999.11.21"]
[Round "?"]
[White "Hossa"]
[Black "Beadle"]
[Result "1-0"]
[WhiteElo "2289"]
[BlackElo "2382"]
[PlyCount "173"]
[EventDate "1999.??.??"]

1. d4 Nf6 2. c4 e6 3. Nc3 d5 4. Bg5 Be7 5. Nf3 h6 6. Bh4 O-O 7. e3 Ne4 8. Bxe7
Qxe7 9. Bd3 Nxc3 10. bxc3 dxc4 11. Bxc4 b6 12. O-O Bb7 13. Qe2 Nd7 14. Ba6 Bc6
15. Bd3 f5 16. Bb5 Bxb5 17. Qxb5 a6 18. Qb3 Qd6 19. Rab1 Rf6 20. Rfd1 Raf8 21.
c4 Rg6 22. Qa4 a5 23. Qb5 c6 24. Qb3 Kh8 25. Qd3 Rg4 26. Qe2 Qc7 27. Rb3 Re4
28. Rdb1 c5 29. Nd2 Rg4 30. f3 Rg6 31. Rb5 cxd4 32. exd4 Qf4 33. d5 exd5 34.
Rxd5 Nc5 35. Qe7 Kg8 36. Re1 h5 37. Ree5 Rgf6 38. g3 Qh6 39. Rd8 R6f7 40. Rxf8+
Rxf8 41. Nb3 Ne4 42. Qe6+ Qxe6 43. Rxe6 Rf6 44. Rxf6 Nxf6 45. Nd4 g6 46. Nc6
Nd7 47. Ne7+ Kf7 48. Nd5 Ne5 49. Nxb6 Nxf3+ 50. Kg2 Ne5 51. c5 Ke6 52. h4 Nc6
53. Kf3 Nb4 54. Nc4 Nxa2 55. Nxa5 Nc3 56. c6 Nd5 57. Nc4 Ke7 58. Ne5 Kf6 59.
Nd3 Ne7 60. c7 Ke6 61. Kf4 Kf6 62. Nb4 Nc8 63. Nd5+ Ke6 64. Ne3 Kf6 65. Nc4 Ke6
66. Kg5 Kd5 67. Nd2 Ne7 68. Kf6 Kd6 69. Nc4+ Kd7 70. Nb6+ Kxc7 71. Kxe7 Kxb6
72. Kf6 Kc6 73. Kxg6 Kd7 74. Kxh5 Ke7 75. Kg5 Kf7 76. Kxf5 Kg7 77. g4 Kf7 78.
g5 Kg7 79. h5 Kf7 80. h6 Kg8 81. g6 Kh8 82. Kf6 Kg8 83. g7 Kh7 84. Kf7 Kxh6 85.
g8=Q Kh5 86. Qg3 Kh6 87. Qh4# {Beadle checkmated} 1-0

[Event "ICS rated blitz match"]
[Site "204.178.125.65"]
[Date "1999.11.21"]
[Round "?"]
[White "Beadle"]
[Black "Hossa"]
[Result "1/2-1/2"]
[WhiteElo "2589"]
[BlackElo "2328"]
[PlyCount "282"]
[EventDate "1999.??.??"]

1. d4 f5 2. e4 fxe4 3. Nc3 Nf6 4. Bg5 g6 5. Bxf6 exf6 6. Nxe4 d5 7. Nc3 Bg7 8.
Bb5+ c6 9. Bd3 O-O 10. Nge2 Re8 11. O-O Bg4 12. f3 Be6 13. Kh1 Qd6 14. Qd2 Nd7
15. Nc1 c5 16. dxc5 Nxc5 17. Bb5 Re7 18. b4 Nd7 19. Rb1 Nb6 20. Re1 a6 21. Ne4
Qc7 22. Nc5 Bf7 23. Rxe7 Qxe7 24. Bd3 Re8 25. N1b3 f5 26. Na5 Bh6 27. Qd1 d4
28. Naxb7 Nd5 29. Qg1 Nc3 30. Ra1 Nxa2 31. Rb1 Nc3 32. Ra1 Nd5 33. Bxa6 Nxb4
34. Bd3 Nxd3 35. cxd3 Bd5 36. Rb1 Qe3 37. Nd6 Qxg1+ 38. Kxg1 Re2 39. Kf1 Rc2
40. Rb8+ Kg7 41. Rc8 Rc1+ 42. Kf2 Bf4 43. Nb5 Kh6 44. Nxd4 Bb7 45. Nce6 Be3+
46. Kxe3 Bxc8 47. Nf4 g5 48. Nd5 f4+ 49. Ke2 Kg7 50. h4 Rc5 51. Nb6 Kf6 52.
hxg5+ Kxg5 53. Kd2 h5 54. Nc4 Kh4 55. Ne2 Ba6 56. Kc3 Kg5 57. Kd4 Rc7 58. Nc3
Rd7+ 59. Ke5 Re7+ 60. Kd6 Re1 61. Ne5 Kf5 62. Ne4 Rg1 63. Nc6 Kg6 64. Nc5 Bb5
65. Nd4 Rb1 66. Ke5 Rc1 67. Nce6 Ba6 68. Nxf4+ Kh6 69. Nf5+ Kg5 70. Ne6+ Kg6
71. Nd6 Kh7 72. Nf4 Rc2 73. d4 Bf1 74. Nf5 Bb5 75. Ne3 Rc3 76. Ned5 Rc1 77.
Nxh5 Kh6 78. Ng3 Re1+ 79. Ne4 Bc4 80. Nf4 Bb3 81. d5 Ba4 82. d6 Bc6 83. Ne6 Ra1
84. g4 Rd1 85. Nf6 Bxf3 86. Kf5 Bxg4+ 87. Nxg4+ Kh7 88. Nf6+ Kh8 89. d7 Rxd7
90. Nxd7 Kg8 91. Kg6 Kh8 92. Ndf8 Kg8 93. Nh7 Kh8 94. Nhg5 Kg8 95. Kf5 Kh8 96.
Kf6 Kg8 97. Nf7 Kh7 98. Kg5 Kg8 99. Ne5 Kh8 100. Kg6 Kg8 101. Nf3 Kh8 102. Kf5
Kg8 103. Kf6 Kh8 104. Kg6 Kg8 105. Nfg5 Kh8 106. Kf5 Kg8 107. Kf6 Kh8 108. Ke5
Kg8 109. Ke4 Kh8 110. Kf4 Kg8 111. Ke3 Kh8 112. Ke2 Kg8 113. Kd3 Kh8 114. Kd4
Kg8 115. Kc4 Kh8 116. Kc3 Kg8 117. Kb3 Kh8 118. Kc4 Kg8 119. Kd4 Kh8 120. Kd5
Kg8 121. Kc6 Kh8 122. Kc5 Kg8 123. Kd5 Kh8 124. Kd6 Kg8 125. Ke5 Kh8 126. Ke4
Kg8 127. Kf4 Kh8 128. Kf3 Kg8 129. Kg4 Kh8 130. Kh5 Kg8 131. Kh6 Kh8 132. Nf7+
Kg8 133. Ne5 Kh8 134. Kg5 Kg8 135. Kg6 Kh8 136. Nf7+ Kg8 137. Nh6+ Kh8 138. Ng4
Kg8 139. Nf4 Kh8 140. Nf2 Kg8 141. Ne4 141... Kh8 {
Game drawn by the 50 move rule} 1/2-1/2

[Event "ICS rated blitz match"]
[Site "204.178.125.65"]
[Date "1999.11.21"]
[Round "?"]
[White "Hossa"]
[Black "Zippy"]
[Result "1-0"]
[WhiteElo "2338"]
[BlackElo "2319"]
[PlyCount "157"]
[EventDate "1999.??.??"]

1. d4 d5 2. g3 Nc6 3. Bg2 Bf5 4. Nf3 Nb4 5. Na3 e6 6. c3 Nc6 7. Qb3 Rb8 8. O-O
h6 9. c4 dxc4 10. Nxc4 Be4 11. Ncd2 Bg6 12. Qa4 b5 13. Qb3 Nf6 14. e3 Na5 15.
Qd1 Bd3 16. Re1 Nc6 17. Ne5 Nxe5 18. dxe5 Nd7 19. f4 Be7 20. Qb3 Nc5 21. Bc6+
Kf8 22. Qc3 Rb6 23. Bg2 b4 24. Qd4 Bb5 25. Nf3 Qxd4 26. Nxd4 Bd3 27. a4 Be4 28.
a5 Rb7 29. Bxe4 Nxe4 30. Nc6 Nc5 31. Rd1 a6 32. Rb1 h5 33. Rd4 h4 34. Rxb4 Rxb4
35. Nxb4 hxg3 36. hxg3 Nb3 37. Nxa6 c5 38. Nb8 Nxa5 39. Nd7+ Ke8 40. Nxc5 Bxc5
41. b4 Bxb4 42. Rxb4 Rh7 43. Rb8+ Kd7 44. Rb5 Nc4 45. Rb7+ Ke8 46. Rc7 Nb6 47.
e4 g5 48. fxg5 Rg7 49. Rc6 Na4 50. Be3 Nb2 51. Rc8+ Ke7 52. Bd4 Nd3 53. Rc3 Nb2
54. Rc1 Nd3 55. Rd1 Nxe5 56. Bxe5 Rxg5 57. Bd6+ Kf6 58. e5+ Kg6 59. Kg2 f5 60.
exf6 Kxf6 61. Rf1+ Rf5 62. Rxf5+ exf5 63. Kf3 Ke6 64. Bb4 Kd5 65. Kf4 Ke6 66.
Bc3 Kd5 67. Kxf5 Kc4 68. Be5 Kc5 69. g4 Kc6 70. g5 Kd7 71. g6 Ke7 72. g7 Kf7
73. Bd4 Kg8 74. Kf6 Kh7 75. Kf7 Kh6 76. Be3+ Kh5 77. g8=Q Kh4 78. Qg2 Kh5 79.
Qh3# {Zippy checkmated} 1-0

[Event "ICS rated blitz match"]
[Site "204.178.125.65"]
[Date "1999.11.21"]
[Round "?"]
[White "Hossa"]
[Black "Ghostn"]
[Result "0-1"]
[WhiteElo "2353"]
[BlackElo "2805"]
[PlyCount "78"]
[EventDate "1999.??.??"]

1. d4 Nf6 2. c4 e6 3. Nc3 Bb4 4. Qb3 c5 5. a3 Ba5 6. e3 O-O 7. Be2 d5 8. Nf3
cxd4 9. exd4 dxc4 10. Qxc4 a6 11. b4 b5 12. Qd3 Bc7 13. Bg5 Nbd7 14. O-O Bb7
15. a4 bxa4 16. Rxa4 Qe7 17. b5 axb5 18. Rxa8 Rxa8 19. Nxb5 Bb6 20. Ne5 Qf8 21.
Bd1 Nxe5 22. dxe5 Ne4 23. Nd6 Nxg5 24. Nxb7 Qb4 25. Qd7 Ne4 26. Bh5 g6 27. Bf3
Qb2 28. Bd1 Nxf2 29. Bf3 Ne4+ 30. Nc5 Bxc5+ 31. Kh1 Ra1 32. Qd8+ Kg7 33. Qf6+
Nxf6 34. Bd1 Qf2 35. exf6+ Kh6 36. h3 Qxf1+ 37. Kh2 Bd6+ 38. g3 Rxd1 39. h4
39... Rd2# {Hossa checkmated} 0-1

[Event "ICS rated standard match"]
[Site "204.178.125.65"]
[Date "1999.11.21"]
[Round "?"]
[White "Hossa"]
[Black "bookbuilder"]
[Result "0-1"]
[WhiteElo "2305"]
[BlackElo "2497"]
[PlyCount "148"]
[EventDate "1999.??.??"]

1. d4 Nf6 2. c4 e6 3. Nc3 Bb4 4. Qb3 Na6 5. Nf3 O-O 6. e3 c5 7. Bd3 d5 8. O-O
Ba5 9. cxd5 cxd4 10. exd4 Nb4 11. Bb1 Nbxd5 12. Bg5 Qd6 13. Nxd5 Nxd5 14. Ne5
Bd8 15. Qd3 f5 16. Bd2 Bf6 17. Re1 Rd8 18. Qe2 Qb6 19. Bc1 Qxd4 20. Nf3 Qg4 21.
h3 Qb4 22. a3 Qf8 23. Ne5 Qc5 24. Ba2 a6 25. Rd1 a5 26. Rd3 b6 27. Qe1 Rb8 28.
Rd1 Qc7 29. f4 Bb7 30. Bb3 Rbc8 31. a4 Qc5+ 32. Kh1 Qe7 33. Qg3 Nb4 34. Be3
Rxd1+ 35. Rxd1 Bxe5 36. fxe5 Bd5 37. Rc1 Rxc1+ 38. Bxc1 Qc7 39. Bf4 Bxb3 40.
Qxb3 Nd5 41. Qg3 Qd7 42. Bh6 Kf8 43. Qa3+ Kf7 44. Bg5 Qc7 45. Qd6 Qxd6 46. exd6
Ke8 47. b3 Kd7 48. Bc1 Kxd6 49. h4 Kc5 50. Ba3+ Kd4 51. Bb2+ Kd3 52. g4 g6 53.
gxf5 gxf5 54. Be5 Kc2 55. Kg2 Kxb3 56. Kf3 Nc3 57. Kf4 Nxa4 58. Bc7 Nc3 59. Ke5
a4 60. Bd6 a3 61. Bxa3 Kxa3 62. Kd4 Kb2 63. Ke5 h5 64. Kf4 Nd5+ 65. Kf3 b5 66.
Kf2 b4 67. Ke2 Kc3 68. Kd1 b3 69. Ke2 b2 70. Kf3 b1=Q 71. Kg2 Qe4+ 72. Kf2 Nf4
73. Kg3 Kd2 74. Kh2 74... Qg2# {Hossa checkmated} 0-1

[Event "ICS rated blitz match"]
[Site "204.178.125.65"]
[Date "1999.11.21"]
[Round "?"]
[White "Zippy"]
[Black "Hossa"]
[Result "1/2-1/2"]
[WhiteElo "2304"]
[BlackElo "2351"]
[PlyCount "231"]
[EventDate "1999.??.??"]

1. e4 e5 2. Nc3 Nc6 3. g3 Bc5 4. Bg2 d6 5. d3 Nf6 6. Nf3 Ng4 7. Rf1 Nd4 8. h4
Nxf3+ 9. Bxf3 Nh2 10. Rh1 Nxf3+ 11. Qxf3 O-O 12. Na4 Bb4+ 13. c3 Ba5 14. b4 Bd7
15. Nb2 Bb6 16. Nc4 f5 17. Nxb6 axb6 18. Qe2 fxe4 19. dxe4 Qf6 20. Be3 Bc6 21.
Bg5 Qf3 22. Qxf3 Rxf3 23. Be3 Bxe4 24. Rh2 Ra3 25. Kd2 Bd5 26. h5 Rxa2+ 27.
Rxa2 Bxa2 28. Rh1 Bc4 29. Ra1 Kf7 30. Ra7 Bd5 31. Kd3 b5 32. Ra5 Bc6 33. Ra8
Bd7 34. Rb8 Bf5+ 35. Kd2 Be4 36. Rc8 c6 37. Rc7+ Kf6 38. Rd7 h6 39. Rxb7 g5 40.
hxg6 Kxg6 41. Rd7 Rf6 42. f4 Kf5 43. Rh7 Rg6 44. fxe5 dxe5 45. Bf2 Bf3 46. Ke3
e4 47. Kd2 Rd6+ 48. Bd4 Kg4 49. Ke3 h5 50. Rg7+ Kh3 51. Rf7 Rg6 52. Be5 Re6 53.
Bf4 Kg2 54. Rd7 Re8 55. Rd6 Rc8 56. Be5 Kg1 57. Rd7 Re8 58. Bd6 Kf1 59. Rc7 Re6
60. Rxc6 Be2 61. Rb6 Bd3 62. Ra6 Kg2 63. Ra2+ Kh3 64. Bf4 h4 65. gxh4 Kxh4 66.
Rh2+ Kg4 67. Rg2+ Kf5 68. Rg5+ Kf6 69. Rh5 Re8 70. Rh6+ Kg7 71. Rd6 Kf7 72. Rd5
Rh8 73. Rf5+ Ke6 74. Re5+ Kf6 75. Rd5 Rh3+ 76. Kd4 Rh1 77. Rd7 Kf5 78. Rf7+ Ke6
79. Rg7 Rh8 80. Bc7 Rh5 81. Bf4 Rf5 82. Bg3 Rd5+ 83. Ke3 Bc2 84. Ke2 Kf6 85.
Rb7 Kf5 86. Bf2 Bd3+ 87. Kd2 Bc4+ 88. Bd4 Rd8 89. Ke3 Rg8 90. Bg7 Ra8 91. Re7
Ra2 92. Re5+ Kg6 93. Bf8 Bd3 94. Be7 Re2+ 95. Kd4 Rc2 96. Bd8 Rd2 97. Bg5 Rb2
98. Bf4 Rc2 99. Rc5 Re2 100. Rg5+ Kf6 101. Re5 Rg2 102. Rh5 Kg6 103. Rd5 Rg4
104. Bd6 Rg1 105. Be7 Rc1 106. Rg5+ Kf7 107. Re5 Rc2 108. Bd8 Kg6 109. Rd5 Rc1
110. Rg5+ Kf7 111. Re5 Kg7 112. Bg5 Rb1 113. Bh4 Kh6 114. Re7 Kh5 115. Bf6 Kg4
116. Be5 {Game drawn by the 50 move rule} 1/2-1/2